| 000 | 00934nam a2200205Ii 4500 | ||
|---|---|---|---|
| 003 | JO-AjNU | ||
| 008 | 230605s9999||||xx |||||||||||||| ||und|| | ||
| 017 | _a2001/2/303 | ||
| 040 |
_aJO-AjNU _bara _erda _cJO-AjNU |
||
| 041 | _aara | ||
| 050 | 1 | 4 | _aP306.J35 2001 |
| 100 | 3 |
_aتأيف جامعة الزرقاء الاهلية، م.مشارك جمعية المترجمين الأردنيين؛ تحرير سليمان العباس, _eauthor _948484 |
|
| 245 | 0 | 0 | _aالترجمة نافذتنا على العالم: جامعة الزرقاء الأهلية كلية الاداب بحوث المؤتمر الثالث كلية الآداب |
| 264 | 3 | 1 | _aالزرقاء:جامعة الزرقاء الأهلية ,2001 |
| 300 | _aمتعدد الترقيم | ||
| 336 |
_atext _btxt _2rdacontent |
||
| 337 |
_aunmediated _bn _2rdamedia |
||
| 338 |
_avolume _bnc _2rdacarrier |
||
| 650 | 4 |
_aالاداب المترجم- اللغات _948485 |
|
| 999 |
_aA21236 _c24804 _d24804 |
||